000 00326 a2200121 4500
000 nam a22 7a 4500
005 20260410120615.0
020 _a9780670099658
100 _aOrnit Shani
_91234642
245 _aAssembling India’s Constitution : A New Democratic History
260 _bPenguin Books
_c2025
942 _cTEXL
999 _c1848213
_d1848213